000 00368 a2200145 4500
005 20250623084918.0
020 _a0 582 03840 5
082 _aLM 621.3 SMI
100 _aSMITH, M.
245 _aBasic Electrical Engineering Science
260 _aHarlow,
_bLongman Group
_c1972
300 _axvi,459p.: figure,
_bIndex
_c24cm.
700 _aHOSIE, K. T.
942 _2ddc
_cBKS
999 _c3859
_d3859